| 000 | 00000nas 2200000za 4500 |
| 001 | 9.502160 |
| 003 | CaOODSP |
| 005 | 20230822084236 |
| 007 | cr ||||||||||| |
| 008 | 150406d20072009xxc|| p o||||f| |0fre|d |
| 040 | |aCaOODSP|bfre |
| 043 | |an-cn--- |
| 086 | 1 |aW91-3F-PDF |
| 245 | 00|aLes chroniques du parc de la Gatineau. |
| 264 | 1|aOttawa, Ontario : |bCommission de la capitale nationale |
| 310 | |aIrrégulier |
| 362 | 1 |aParaît depuis automne 2007; ne paraît plus après automne 2009. |
| 710 | 1 |aCanada. |bCommission de la Capitale nationale, |eorganisme de publication. |
| 775 | 08|tThe Gatineau Park chronicle |w(CaOODSP)9.505755 |